| 000 | 00750nam a22002537a 4500 | ||
|---|---|---|---|
| 001 | 240035 | ||
| 003 | DO-SdBNP | ||
| 005 | 20180202093743.0 | ||
| 007 | 240035 | ||
| 008 | 160322b 1987 xxu||||| |||| 00| 0 spa d | ||
| 020 | _a0440471478 | ||
| 040 |
_aBPMSU _bspa _cBPMSU |
||
| 092 |
_axxxx _bxxxx |
||
| 100 | 1 | _aMerrill, Jean | |
| 245 | 1 | 0 |
_aThe pushcart war / _cby Jean Merrill ; with illustrations by Ronni Solbert. |
| 260 |
_aNew York : _bDell Pub. Co., _c1964. _g1987 |
||
| 300 |
_a222 p. : _bil. ; _c20 cm. |
||
| 500 | _aReimpresión: Originalmente publicado: Reading, Ma. : Addison-Wesley, 1964. | ||
| 700 | 1 | 2 |
_aSolbert, Ronni, _eil. |
| 910 | _a00260 | ||
| 942 |
_2ddc _cBK |
||
| 945 | _aInventariado, 2018/ YL | ||
| 956 |
_2LOPEREZ _310 |
||
| 999 |
_c9372 _d9372 |
||